Introducción a las gramíneas /

Guardado en:
Autor Principal: Chapman, G. P.
Otros Autores: Peat, W. E.
Formato: Libro
Publicado: Zaragoza : Acribia, 1992
Materias:
Etiquetas: Agregar Etiqueta
Sin Etiquetas, Sea el primero en etiquetar este registro!
LEADER 00980nam a22002295a 4500
001 CEM.cems017537
005 20110509112543.0
008 130507s1992##################000#0#####d
003 CEMS
020 |a 8420007935 
082 0 4 |a 584.8 
100 1 |a Chapman, G. P. 
245 1 0 |a Introducción a las gramíneas /  |c G. P. Chapman y W. E. Peat 
260 |a Zaragoza :  |b Acribia,  |c 1992 
300 |a 126 p. 
500 |a Incluye bambúes y cereales 
505 0 |a La familia de las gramíneas -- Desarrollo vegetativo y diversidad -- La inflorescencia de las gramíneas y su función -- Diversidad de las espiguillas de las gramíneas -- Taxonomía -- Diversidad fotosintética -- Diversidad reproductiva -- El cultivo de las gramíneas -- Las gramíneas como malas hierbas colonizadoras -- Glosario crítico de las gramíneas 
653 |a Gramíneas 
653 |a Bambúes 
653 |a Cereales 
700 1 |a Peat, W. E. 
859 |a CEMS  |b BIB. CEMS - Agricultura  |h 584.8  |i Ch366  |p A1321.11  |t Ej.1